000
00182 a2200097 4500
020
_a
9780822577317
041
_a
spa
100
_a
Sandra Markle
245
_a
Los Buitres
942
_c
BK
999
_c
14651
_d
14651